ARRUPE JESUIT UNIVERSITY

CORONAVIRUS -STOP THE SPREAD - CLEAN,DISINFECT,COVER

The breaking of the image : (Record no. 118134)

MARC details
000 -LEADER
fixed length control field 00880cam a2200289ui 4500
001 - CONTROL NUMBER
control field 4439704
003 - CONTROL NUMBER IDENTIFIER
control field ARRUPE
005 - DATE AND TIME OF LATEST TRANSACTION
control field 20130927133100.0
008 - FIXED-LENGTH DATA ELEMENTS--GENERAL INFORMATION
fixed length control field 800516s1980 enk b 001 0 eng d
020 ## - INTERNATIONAL STANDARD BOOK NUMBER
International Standard Book Number 0631110410
035 ## - SYSTEM CONTROL NUMBER
System control number (OCoLC)6327664
035 ## - SYSTEM CONTROL NUMBER
System control number (OCoLC)ocm06327664
035 ## - SYSTEM CONTROL NUMBER
System control number (NNC)4439704
040 ## - CATALOGING SOURCE
Original cataloging agency NNUT
Transcribing agency NNUT
Modifying agency CStRLIN
050 ## - LIBRARY OF CONGRESS CALL NUMBER
Classification number BV150.
Item number M379 1980
300 ## - PHYSICAL DESCRIPTION
Dimensions 22 cm.
100 1# - MAIN ENTRY--PERSONAL NAME
Personal name Martin, David A.,
Dates associated with a name 1948-
9 (RLIN) 1629
245 14 - TITLE STATEMENT
Title The breaking of the image :
Remainder of title a sociology of Christian theory and practice /
Statement of responsibility, etc David Martin.
260 ## - PUBLICATION, DISTRIBUTION, ETC. (IMPRINT)
Place of publication, distribution, etc Oxford :
Name of publisher, distributor, etc Blackwell,
Date of publication, distribution, etc 1980.
300 ## - PHYSICAL DESCRIPTION
Extent x, 211 p. ;
504 ## - BIBLIOGRAPHY, ETC. NOTE
Bibliography, etc Includes bibliographical references and index.
650 #0 - SUBJECT ADDED ENTRY--TOPICAL TERM
Topical term or geographic name as entry element Christian sociology.
9 (RLIN) 1630
650 #0 - SUBJECT ADDED ENTRY--TOPICAL TERM
Topical term or geographic name as entry element Symbolism.
9 (RLIN) 1631
650 #0 - SUBJECT ADDED ENTRY--TOPICAL TERM
Topical term or geographic name as entry element Secularization (Theology)
9 (RLIN) 1632
650 #0 - SUBJECT ADDED ENTRY--TOPICAL TERM
Topical term or geographic name as entry element Social change.
9 (RLIN) 1633
942 ## - ADDED ENTRY ELEMENTS (KOHA)
Source of classification or shelving scheme Library of Congress Classification
Koha item type Monograph ( Printed materials)
Holdings
Withdrawn status Lost status Source of classification or shelving scheme Damaged status Not for loan Collection code Home library Current library Shelving location Date acquired Total Checkouts Full call number Barcode Date last seen Price effective from Koha item type
    Library of Congress Classification     Main Collection ARRUPE LIBRARY ARRUPE LIBRARY Main Collection 27/09/2013   BV150. M379 1980 46411577 27/09/2013 27/09/2013 Monograph ( Printed materials)

 

Arrupe Library. PO Box MP320 Mt Pleasant, Harare, Zimbabwe
263 242 745411|librarian@aju.ac.zw